| 000 | 00553nam a2200205Ia 4500 | ||
|---|---|---|---|
| 003 | OSt | ||
| 005 | 20250820113454.0 | ||
| 008 | 210210b1956 xxu||||| |||| 00| 0 eng d | ||
| 040 | _cAL | ||
| 041 | _aKannada | ||
| 082 | _aK894.2 KIRA | ||
| 100 |
_aKirtinatha Kurtakoti _9159364 |
||
| 110 |
_aಕೀರ್ತಿನಾಥ ಕುರ್ತಕೋಟಿ _9236622 |
||
| 245 |
_aAa mani : _bಆ ಮಣಿ |
||
| 260 |
_aDharavada _bManohara Granthamale _c1956 |
||
| 300 | _aiv,93,5 | ||
| 690 |
_aKannada Drama _9159365 |
||
| 906 | _a049276 | ||
| 942 |
_2ddc _cBK |
||
| 999 |
_c98272 _d98272 |
||